[Event "FSIM July 2012"]
[Site "Budapest HUN"]
[Date "2012.07.16"]
[Round "10.1"]
[White "Kojima,S"]
[Black "Lengyel,B"]
[Result "1-0"]
[WhiteElo "2290"]
[BlackElo "2270"]

1.Nf3 d5 2.d4 Nf6 3.c4 c6 4.Nc3 dxc4 5.a4 Bf5 6.e3 e6 7.Bxc4 Bb4 8.O-O Nbd7
9.Qe2 Bg4 10.h3 Bh5 11.Rd1 Bxf3 12.Qxf3 Qe7 13.e4 e5 14.d5 O-O 15.dxc6 bxc6
16.Ne2 Rfd8 17.Ng3 Nb6 18.Rxd8+ Rxd8 19.Bb3 Bd2 20.a5 Nc8 21.Bxd2 Rxd2 22.Qc3 Qd8
23.Qxe5 Ne7 24.Qc3 Ng6 25.Bd5 Rxd5 26.exd5 Qxd5 27.Rc1 Ne7 28.Qc5 Qd7 29.Ne2 h6
30.b4 Nfd5 31.Nd4 Nf4 32.Re1 Neg6 33.Nxc6 Nd3 34.Ne7+ Kh7 35.Nxg6 fxg6 36.Qe7 Qf5
37.Re2 Nf4 38.Re5 Qc2 39.Qf7 Ne2+ 40.Kh2 a6 41.Re7  1-0

[Event "Turkish Bank Chess League 2012"]
[Site "Konya TUR"]
[Date "2012.07.16"]
[Round "6"]
[White "Tsatsalashvili,K"]
[Black "Sop,S"]
[Result "1-0"]
[WhiteElo "2286"]
[BlackElo "2000"]

1.d4 d5 2.c4 c6 3.Nf3 Nf6 4.Nc3 dxc4 5.a4 Bf5 6.e3 e6 7.Bxc4 Bb4 8.O-O Nbd7
9.Qb3 Bxc3 10.bxc3 Qb6 11.Ba3 Ne4 12.Qb4 Qxb4 13.cxb4 O-O 14.h3 Nb6 15.Bb3 g5
16.Rfc1 Rfc8 17.Ra2 Nd5 18.g4 Bg6 19.Ne5 a5 20.bxa5 Rxa5 21.Rac2 Nef6 22.Rb2 Rca8
23.Bd1 Ne4 24.Rxb7 Nec3 25.Nxc6 Rxa4 26.Bxa4 Ne2+ 27.Kh2 Nxc1 28.Rb8+ Rxb8
29.Nxb8 Ne2 30.Nc6 Be4 31.Ne7+ Kg7 32.Nxd5 exd5 33.Bd7 Kf6 34.Bd6 Kg6 35.Bf8 Kf6
36.Bc5 Kg6 37.Bb6 Kf6 38.Bd8+ Kg6 39.Bb5 Bf3 40.Bd3+ Kh6 41.Be7 Kg7 42.Bxg5 f6
43.Bh4 h6 44.Bf5 Kf7 45.Bg3 Kg7 46.Bf4 h5 47.Bg3 Nc1 48.gxh5 Bxh5 49.Kg2 Bd1
50.Be6 Bb3 51.f3 Kg6 52.Be1 f5 53.Bd7 Bc4 54.Ba5 Nb3 55.Bc7 Nd2 56.Be8+ Kg7
57.Kf2 Bd3 58.h4 Bc2 59.Be5+ Kf8 60.Bc6 Bb3 61.Ke2 Nb1 62.Bd6+ Kf7 63.Bb4 Kg6
64.Kf2 Kf6 65.Kg3 Kg6 66.Be8+ Kf6 67.Bc6 Kg6 68.Kf2 Kf6 69.Kg3 Kg6 70.Be8+ Kf6
71.Kf4 Bc2 72.h5 Bb3 73.h6 Bc2 74.Bd6 Nd2 75.Be5+  1-0

[Event "Turkish Bank Chess League 2012"]
[Site "Konya TUR"]
[Date "2012.07.16"]
[Round "7"]
[White "Gunina,V"]
[Black "Keler,F"]
[Result "1/2-1/2"]
[WhiteElo "2533"]
[BlackElo "2238"]

1.d4 d5 2.c4 c6 3.Nf3 Nf6 4.Nc3 dxc4 5.a4 Bf5 6.Ne5 Nbd7 7.Nxc4 Nb6 8.Ne5 a5
9.g3 e6 10.Bg2 Bb4 11.O-O h6 12.e3 O-O 13.Qe2 Bh7 14.Rd1 Nfd7 15.e4 Qe7 16.Nd3 e5
17.dxe5 Nxe5 18.Nxe5 Qxe5 19.Be3 Bc5 20.f4 Qe7 21.Bxc5 Qxc5+ 22.Qf2 Qxf2+
23.Kxf2 Rfd8 24.Bh3 Kf8 25.b3 Ke7 26.Ke3 f6 27.Bg4 Bg8  1/2-1/2

[Event "27th Gniota Memorial"]
[Site "Police POL"]
[Date "2012.07.16"]
[Round "6.4"]
[White "Chojnacki,K"]
[Black "Malisauskas,V"]
[Result "1-0"]
[WhiteElo "2441"]
[BlackElo "2460"]

1.d4 d5 2.c4 c6 3.Nf3 Nf6 4.Nc3 dxc4 5.a4 Bf5 6.Ne5 Nbd7 7.Nxc4 Qc7 8.g3 e5
9.dxe5 Nxe5 10.Bf4 Nfd7 11.Bg2 g5 12.Ne3 gxf4 13.Nxf5 O-O-O 14.Qc2 fxg3 15.hxg3 a5
16.O-O h5 17.Rfd1 Bb4 18.Rac1 Nf6 19.Nb5 Rxd1+ 20.Qxd1 Qb6 21.Nbd6+ Kb8 22.Nc4 Nxc4
23.Rxc4 Rd8 24.Qc1 Bd2 25.Qb1 Qb3 26.Qc2 Qxc2 27.Rxc2 Bb4 28.Bf3 Rd1+ 29.Kg2 Ra1
30.Nh6 Rxa4 31.Nxf7 Ra2 32.Ne5 a4 33.Nd3 Bd6 34.Rc1 Kc7 35.Rh1 c5 36.Rb1 a3
37.bxa3 b6 38.Nb2 b5 39.Nd1 b4 40.axb4 cxb4 41.Nb2 Ra5 42.Rc1+ Rc5 43.Ra1 Rc2
44.Ra7+ Kb6 45.Rb7+ Ka5 46.Nd3 Rc7 47.Rb8 Rh7 48.Rd8 Be7 49.Ra8+ Kb5 50.Rb8+ Kc4
51.Rc8+ Kd4 52.Nb2 Ke5 53.Rc4 b3 54.Rc3 h4 55.gxh4 Rxh4 56.Rxb3 Rh8 57.Re3+ Kd6
58.Nc4+ Kd7 59.Ne5+ Kc7 60.Rc3+ Kb6 61.Rc6+ Kb5 62.Re6  1-0

[Event "6th Varna Open"]
[Site "Varna BUL"]
[Date "2012.07.16"]
[Round "5.1"]
[White "Cheparinov,I"]
[Black "Nikolov,Sas"]
[Result "1-0"]
[WhiteElo "2677"]
[BlackElo "2386"]

1.d4 d5 2.c4 c6 3.Nf3 Nf6 4.Nc3 dxc4 5.a4 Bf5 6.Ne5 Nbd7 7.Nxc4 Nb6 8.Ne5 a5
9.e3 e6 10.g4 Bg6 11.h4 Bb4 12.h5 Be4 13.f3 Bd5 14.e4 Bxe4 15.fxe4 Nxe4 16.Qd3 Nd5
17.Qxe4 Nxc3 18.bxc3 Bxc3+ 19.Bd2 Bxa1 20.Be3 Qd5 21.Qxd5 Bc3+ 22.Ke2 exd5
23.h6 f6 24.hxg7 Rg8 25.Nd3 Rxg7 26.Kf3 O-O-O 27.Bh3 Re8 28.Nf4 Kb8 29.Rc1 Bb4
30.Nh5 Rf7 31.Rc2 Ka7 32.Ng3 Re6 33.Bf1 Rfe7 34.Nf5 Re8 35.Bd3 Rd8 36.Rh2 Rd7
37.Rh6 Bf8 38.Rh1 b6 39.Ng3 Ree7 40.Bf4 Rb7 41.Rc1 Re6 42.Bf5 Rbe7 43.Bxe6 Rxe6
44.Nf5 b5 45.axb5 cxb5 46.Rc8 Bb4 47.Rc7+ Ka6 48.Ne3 Re4 49.Nxd5 Rxd4 50.Be3  1-0

[Event "Turkish Bank Chess League 2012"]
[Site "Konya TUR"]
[Date "2012.07.18"]
[Round "8"]
[White "Burcu,C"]
[Black "Gundogan,C"]
[Result "1/2-1/2"]
[WhiteElo "1952"]
[BlackElo "1966"]

1.d4 d5 2.c4 c6 3.Nc3 Nf6 4.Nf3 dxc4 5.a4 Bf5 6.e3 e6 7.Bxc4 Bb4 8.O-O O-O
9.Qe2 Bg4 10.Rd1 Qa5 11.Bd2 Qh5 12.h3 Bxf3 13.Qxf3 Qxf3 14.gxf3 Nbd7 15.Ne4 Bxd2
16.Rxd2 Nxe4 17.fxe4 a5 18.d5 Nc5 19.f3 exd5 20.exd5 cxd5 21.Bxd5 Rfd8 22.Rad1 Rd7
23.Rd4 Rad8 24.Kf2  1/2-1/2

[Event "XXI TCh-MKD 2012"]
[Site "Struga MKD"]
[Date "2012.07.18"]
[Round "3.5"]
[White "Andonovski,L"]
[Black "Temkov,B"]
[Result "1-0"]
[WhiteElo "2275"]
[BlackElo "1975"]

1.d4 d5 2.c4 c6 3.Nf3 Nf6 4.Nc3 dxc4 5.a4 Bf5 6.e3 e6 7.Bxc4 Nbd7 8.O-O Bd6
9.h3 Qc7 10.Qe2 Bg6 11.Nh4 Bb4 12.f4 Bxc3 13.bxc3 Ne4 14.Nxg6 hxg6 15.Qc2 Nd6
16.Ba2 Nf6 17.Ba3 Nde4 18.Rab1 g5 19.f5 Ng4 20.Rf4 gxf4 21.Qxe4 Nf6 22.Qxf4 Qxf4
23.exf4 O-O-O 24.fxe6 fxe6 25.Bxe6+ Kc7 26.f5 Nd5 27.Bc1 b6 28.Bd2 Nf6 29.Bf4+ Kb7
30.Be5 Rh4 31.Rb3 Re4 32.c4 Re1+ 33.Kh2 Rh8 34.Rg3 Nh5 35.Rg5 Rh6 36.Bf7 Nf6  1-0

[Event "Turkish Bank Chess League 2012"]
[Site "Konya TUR"]
[Date "2012.07.20"]
[Round "11"]
[White "Guliev,Sarh"]
[Black "Keler,F"]
[Result "1-0"]
[WhiteElo "2467"]
[BlackElo "2238"]

1.d4 d5 2.c4 c6 3.Nf3 Nf6 4.Nc3 dxc4 5.a4 Bf5 6.e3 e6 7.Bxc4 Bb4 8.O-O O-O
9.Nh4 Nbd7 10.Nxf5 exf5 11.Qc2 g6 12.f3 Rc8 13.Rd1 Qe7 14.a5 Rfd8 15.Qb3 Bd6
16.Qxb7 Rb8 17.Qxc6 Rb4 18.Nd5 Nxd5 19.Bxd5 Nf6 20.Ba2 Rxb2 21.Bxb2 Qxe3+
22.Kh1 Nh5 23.Re1 Qf2 24.Re8+ Rxe8 25.Qxe8+ Kg7 26.Qxf7+ Kh6 27.Qb3 Nf4 28.Rg1 Ne2
29.Bc1+  1-0

[Event "Helmut-Kohls-Turnier 2012"]
[Site "Dortmund GER"]
[Date "2012.07.22"]
[Round "9"]
[White "Meins,G"]
[Black "Becker,Marce"]
[Result "0-1"]
[WhiteElo "2475"]
[BlackElo "2427"]

1.d4 d5 2.c4 c6 3.Nf3 Nf6 4.Nc3 dxc4 5.a4 Bf5 6.Ne5 Nbd7 7.Nxc4 Qc7 8.f3 e5
9.e4 exd4 10.Ne2 Bb4+ 11.Kf2 d3 12.Nf4 Bxe4 13.fxe4 d2 14.Bxd2 Bxd2 15.Nh5 Nxe4+
16.Kf3 O-O-O 17.Kxe4 Nf6+ 18.Kf3 Nxh5 19.g3 Bf4 20.Qc2 Kb8 21.gxf4 Qxf4+
22.Kg2 Qg4+ 23.Kf2 Qd4+ 24.Kf3 Rhe8 25.Be2 Qf6+  0-1

[Event "23rd Czech Open A"]
[Site "Pardubice CZE"]
[Date "2012.07.22"]
[Round "3.73"]
[White "Goryachkina,A"]
[Black "Baraeva,M"]
[Result "1-0"]
[WhiteElo "2354"]
[BlackElo "2166"]

1.d4 d5 2.c4 c6 3.Nc3 Nf6 4.Nf3 dxc4 5.a4 Bf5 6.Ne5 Nbd7 7.Nxc4 Qc7 8.g3 e5
9.dxe5 Nxe5 10.Bf4 Nfd7 11.Bg2 g5 12.Ne3 gxf4 13.Nxf5 O-O-O 14.Qc2 Ng6 15.O-O a5
16.Rfc1 Kb8 17.b4 axb4 18.Nb5 Qa5 19.Nbd4 Nde5 20.Nb3 Qc7 21.a5 fxg3 22.hxg3 Ne7
23.a6 Nxf5 24.Qxf5 Bd6 25.axb7 Qb6 26.Na5 c5 27.Nc4 Nxc4 28.Ra8+ Kc7 29.Qxf7+ Rd7
30.Qxc4 Rb8 31.Ra6 Rxb7 32.Rxb6 Rxb6 33.Ra1 b3 34.Ra7+ Kc8 35.Qe6 Bc7 36.Ra8+ Rb8
37.Rxb8+ Bxb8 38.Bh3  1-0

[Event "27th Avoine Open"]
[Site "Avoine FRA"]
[Date "2012.07.23"]
[Round "3.11"]
[White "Song,Ju"]
[Black "Salles,L"]
[Result "1-0"]
[WhiteElo "2398"]
[BlackElo "2147"]

1.d4 d5 2.Nf3 Nf6 3.c4 c6 4.Nc3 dxc4 5.a4 Bf5 6.Nh4 Bd7 7.e4 e6 8.Bxc4 Nxe4
9.Nxe4 Qxh4 10.Qf3 Bb4+ 11.Kf1 h6 12.Bf4 f5 13.Ng3 O-O 14.Be5 Kh7 15.Nh5 g6
16.Nf4 Qe7 17.h4 Rg8 18.Qb3 Na6 19.h5 g5 20.Ng6 Rxg6 21.hxg6+ Kxg6 22.Qh3 Qf8
23.Qh5+ Kh7 24.Qxg5 Be7 25.Rxh6+ Qxh6 26.Qxe7+ Kg6 27.Qf6+  1-0

[Event "ch-AUT 2012"]
[Site "Zwettl AUT"]
[Date "2012.07.23"]
[Round "3.3"]
[White "Kummer,Hel"]
[Black "Kreisl,R"]
[Result "0-1"]
[WhiteElo "2362"]
[BlackElo "2404"]

1.d4 d5 2.c4 c6 3.Nf3 Nf6 4.Nc3 dxc4 5.a4 Bf5 6.e3 e6 7.Bxc4 Bb4 8.O-O Nbd7
9.Qe2 O-O 10.e4 Bg6 11.Bd3 Bh5 12.e5 Nd5 13.Nxd5 cxd5 14.Qe3 Bg6 15.Bd2 Bxd2
16.Qxd2 Rc8 17.Rfc1 Qe7 18.Bxg6 fxg6 19.a5 Nb8 20.b4 Qd7 21.Rc5 Na6 22.Rcc1 Nb8
23.h4 Rxc1+ 24.Rxc1 Rc8 25.g4 Rxc1+ 26.Qxc1 Nc6 27.Qd2 a6 28.Kg2 Qe7 29.Ng5 h6
30.Nf3 Qxb4 31.Qc2 Qf8 32.Kg3 Qxf3+  0-1

[Event "Dutch Open 2012"]
[Site "Dieren NED"]
[Date "2012.07.24"]
[Round "1.13"]
[White "Maris,Iv"]
[Black "Arjun,B"]
[Result "1/2-1/2"]
[WhiteElo "2044"]
[BlackElo "2250"]

1.d4 d5 2.c4 c6 3.Nf3 Nf6 4.Nc3 dxc4 5.a4 Bf5 6.Nh4 e6 7.Nxf5 exf5 8.e3 Bb4
9.Bxc4 O-O 10.O-O Nbd7 11.Qc2 g6 12.Bd2 Qb6 13.Ne2 Bxd2 14.Qxd2 a5 15.Nf4 Kg7
16.Rfe1 Rad8 17.Qc2 Rfe8 18.Rad1 Ne4 19.Ba2 Ndf6 20.f3 Nd6 21.h4 Re7 22.Qc3 Rde8
23.Rd3 h5 24.Kh1 Qb4 25.Qxb4 axb4 26.Kg1 Ra8 27.Bb3 Nd7 28.Rdd1 Nb6 29.Ra1 Nbc4
30.Kf2 Na5 31.Bd1 b3 32.Nd3 Ndc4 33.Rc1 Rae8 34.Bxb3 Nxb2 35.Nxb2 Nxb3 36.Rc4 f4
37.e4 Rd8 38.Nd3 Red7 39.d5 cxd5 40.exd5 Rxd5 41.Nxf4 Rd2+ 42.Kg3 Nd4 43.Rc7 Rb2
44.Kh3 Rb6 45.a5 Rf6 46.g3 Ra8 47.Rd7 Nc6 48.Rxb7 Rxa5 49.Ne6+ Rxe6 50.Rxe6 Nd8
51.Ree7 Nxb7  1/2-1/2

[Event "30th Andorra Open"]
[Site "Erts-La Massana AND"]
[Date "2012.07.24"]
[Round "4.5"]
[White "Iturrizaga,E"]
[Black "Demuth,A"]
[Result "1/2-1/2"]
[WhiteElo "2628"]
[BlackElo "2460"]

1.d4 d5 2.c4 c6 3.Nf3 Nf6 4.Nc3 dxc4 5.a4 Bf5 6.Ne5 Nbd7 7.Nxc4 Nb6 8.Ne5 a5
9.f3 Nfd7 10.Nxd7 Nxd7 11.e4 Bg6 12.Be3 e6 13.Be2 Bb4 14.O-O O-O 15.Qb3 Qb6
16.Kf2 Qc7 17.g3 Rfe8 18.Rac1 f5 19.e5 Nb6 20.f4 Qd7 21.Bf3 Nd5 22.Bd2 Nb6
23.Be3 Nd5 24.Nxd5 cxd5 25.Be2 Rec8 26.Bb5 Qd8 27.Qd3  1/2-1/2

[Event "27th Avoine Open"]
[Site "Avoine FRA"]
[Date "2012.07.25"]
[Round "5.29"]
[White "Hallay,Axel"]
[Black "Cau,B"]
[Result "1/2-1/2"]
[WhiteElo "1983"]
[BlackElo "2158"]

1.d4 d5 2.c4 c6 3.Nf3 Nf6 4.Nc3 dxc4 5.a4 Bf5 6.e3 e6 7.Bxc4 Bb4 8.O-O O-O
9.Qe2 Bg6 10.Ne5 Nbd7 11.Nxg6 hxg6 12.Rd1 Qa5 13.Bd2 e5 14.Na2 Bxd2 15.Qxd2 Qc7
16.Qc2 Rad8 17.Qxg6 exd4 18.exd4 Nb6 19.Qc2 Rd6 20.Bf1 Rfd8 21.Nc3 Nbd5 22.Rac1 Qd7
23.Ne2  1/2-1/2

[Event "23rd Czech Open A"]
[Site "Pardubice CZE"]
[Date "2012.07.25"]
[Round "6.42"]
[White "Aguettaz,M"]
[Black "Overbeck,T"]
[Result "1-0"]
[WhiteElo "2420"]
[BlackElo "2295"]

1.Nf3 d5 2.d4 Nf6 3.c4 c6 4.Nc3 dxc4 5.a4 Bf5 6.Ne5 Nbd7 7.Nxc4 Nb6 8.Ne5 a5
9.Bg5 h6 10.Bh4 Nbd5 11.Qb3 Qb6 12.Qxb6 Nxb6 13.f3 Nfd7 14.Nxd7 Nxd7 15.e4 Bg6
16.d5 e5 17.dxe6 fxe6 18.Bc4 Be7 19.Bg3 Bf7 20.O-O-O Nc5 21.Kc2 Rc8 22.Be5 Bf6
23.Bd6 Be7 24.Be5 Bf6 25.Bd6 Be7 26.e5 Bxd6 27.exd6 Rd8 28.Rhe1 O-O 29.Re5 b6
30.Rxc5 bxc5 31.Ne4 Bg6 32.Bxe6+ Kh8 33.d7 Rf4 34.Kc3 Bxe4 35.fxe4 Rxe4 36.Rd6 Rxe6
37.Rxe6 Rxd7 38.Rxc6 Rd5 39.Ra6 Rh5 40.Rxa5 Rxh2 41.Rxc5 Rxg2 42.a5 Rg1 43.b4 Ra1
44.Kb2 Ra4 45.Kb3 Ra1 46.Rc2 g5 47.Ra2 Rb1+ 48.Ka4 g4 49.a6 Rf1 50.a7 Rf8
51.Kb5 Ra8 52.Ka6 h5 53.Kb7 Rxa7+ 54.Kxa7 g3 55.b5  1-0

[Event "TCh-CRC Premier 2012"]
[Site "San Jose CRC"]
[Date "2012.07.25"]
[Round "4.1"]
[White "Jimenez Garcia,Emanuel"]
[Black "Jimenez,Alo"]
[Result "1/2-1/2"]
[WhiteElo "2055"]
[BlackElo "2137"]

1.d4 d5 2.c4 c6 3.Nc3 dxc4 4.a4 Nf6 5.Nf3 Bf5 6.e3 e6 7.Bxc4 Bb4 8.O-O Nbd7
9.Qe2 O-O 10.Rd1 Bg6 11.Ne5 Nxe5 12.dxe5 Nd7 13.f4 Qc7 14.Na2 Be7 15.Bd2 Rfd8
16.Nc3 Nb6 17.Bb3 Nd5 18.Bxd5 cxd5 19.Nb5 Qd7 20.Rdc1 Rdc8 21.b3 a6 22.Nd4 Bc5
23.Bc3 Bxd4 24.Bxd4 Rxc1+ 25.Rxc1 Rc8 26.Qd2 Rc6 27.a5 Rxc1+ 28.Qxc1 h5 29.Qc5 Qb5
30.Qxb5 axb5 31.Bc5 b4 32.Bxb4 Bc2 33.Be7 Bxb3 34.Kf2 Kh7 35.Ke2 Kg6 36.Kd3 Bc4+
37.Kd4 Bf1 38.g3 f5 39.exf6 gxf6 40.Kc5 Kf7 41.Bd8 f5 42.Kd6 Be2 43.Kc7 Ba6
44.Bh4 Ke8 45.Bf6 Kf7 46.Be5 Ke8 47.Bd6 Kf7 48.Bc5 Ke8 49.h3 Kf7 50.Bd6 Ke8  1/2-1/2

[Event "ch-AUT 2012"]
[Site "Zwettl AUT"]
[Date "2012.07.27"]
[Round "7.3"]
[White "Pilaj,H"]
[Black "Kreisl,R"]
[Result "1/2-1/2"]
[WhiteElo "2338"]
[BlackElo "2404"]

1.d4 d5 2.c4 c6 3.Nf3 Nf6 4.Nc3 dxc4 5.a4 Bf5 6.Ne5 Nbd7 7.Nxc4 Nb6 8.Ne5 a5
9.f3 Nfd7 10.e4 Nxe5 11.exf5 Ned7 12.d5 cxd5 13.Nxd5 e6 14.fxe6 fxe6 15.Nxb6 Bb4+
16.Bd2 Qxb6 17.Bxb4 Qxb4+ 18.Qd2 Qxd2+ 19.Kxd2 Ke7 20.Rc1 Rac8 21.Bb5 Nb6
22.Rxc8 Rxc8 23.b3 Rd8+ 24.Kc2 Rc8+ 25.Kd2 Rd8+ 26.Ke2 Rc8 27.Bd3 g6 28.h4 Nd5
29.Bc4 Nb6 30.Bd3 Nd5 31.Be4 Nc3+ 32.Kd3 Nxe4 33.fxe4 e5 34.h5 b6 35.hxg6 hxg6
36.Rh7+ Ke6 37.Rb7 Rc6 38.g3  1/2-1/2

[Event "PAB Romania Open 2012"]
[Site "Arad ROU"]
[Date "2012.07.28"]
[Round "2.14"]
[White "Bizovi,M"]
[Black "Peptan,C"]
[Result "0-1"]
[WhiteElo "2044"]
[BlackElo "2420"]

1.d4 d5 2.c4 c6 3.Nf3 Nf6 4.Nc3 dxc4 5.a4 Bf5 6.e3 Nbd7 7.Bxc4 e6 8.a5 b5
9.axb6 axb6 10.Rxa8 Qxa8 11.O-O Be7 12.Re1 b5 13.Bb3 b4 14.Ne2 O-O 15.Ng3 Bg4
16.e4 c5 17.d5 Ne5 18.Bf4 Bxf3 19.gxf3 Ng6 20.Bc7 Ne8 21.d6 Bf6 22.Nh5 Bd4
23.f4 Nxc7 24.dxc7 Qc6 25.Qg4 Re8 26.c8=Q Qxc8 27.Ba4 Re7 28.Rd1 f5 29.Qe2 Qa8
30.Bc2 Nh4 31.Bd3 g6 32.Ng3 Kf8 33.h3 Qb8 34.Ra1 Qxf4 35.Ra8+ Kg7 36.exf5  0-1

[Event "TCh-CRC Premier 2012"]
[Site "San Jose CRC"]
[Date "2012.07.28"]
[Round "7.2"]
[White "Fonseca Cabrera,E"]
[Black "Munoz,Ca"]
[Result "1-0"]
[WhiteElo "2211"]
[BlackElo "1994"]

1.Nf3 d5 2.d4 Nf6 3.c4 c6 4.Nc3 dxc4 5.a4 Bf5 6.e3 e6 7.Bxc4 Bb4 8.O-O Nbd7
9.Nh4 Bg4 10.Qb3 a5 11.Na2 Be7 12.Qxb7 Rb8 13.Qa6 Nd5 14.Bxd5 cxd5 15.Nf3 Bxf3
16.gxf3 O-O 17.Nc3 Bb4 18.Ne2 Qf6 19.Kg2 Qg6+ 20.Ng3 Qc2 21.Qe2 Qb3 22.Qd1 Bd6
23.Bd2 Qxd1 24.Rfxd1 Rxb2 25.Bxa5 Ra8 26.Bc3 Rc2 27.Be1 Nb6 28.a5 Nc4 29.Kf1 Ra6
30.Rdb1 Rb2 31.Ne2 Rxb1 32.Rxb1 Kf8 33.Nc1 Bxh2 34.f4 g5 35.Kg2 gxf4 36.Kxh2 fxe3
37.fxe3 Nxe3 38.Nd3 Nc2 39.Bc3 Rc6 40.Nc5 e5 41.a6 Rh6+ 42.Kg3 Rg6+ 43.Kf3 e4+
44.Kf4 Na3 45.Rb8+ Kg7 46.a7 Nc4 47.a8=Q Rf6+ 48.Kg3 Rf3+ 49.Kh2 Rf2+ 50.Kg1  1-0

[Event "30th Andorra Open"]
[Site "Erts-La Massana AND"]
[Date "2012.07.29"]
[Round "9.10"]
[White "Del Rio de Angelis,S"]
[Black "Burg,T"]
[Result "1/2-1/2"]
[WhiteElo "2547"]
[BlackElo "2470"]

1.d4 d5 2.c4 c6 3.Nf3 Nf6 4.Nc3 dxc4 5.a4 Bf5 6.Nh4 e6 7.Nxf5 exf5 8.e3 Bb4
9.Bxc4 O-O 10.Qc2 g6 11.O-O Nbd7 12.f3 Qb6 13.Kh1 c5 14.Ba2 Rac8 15.dxc5 Nxc5
16.e4 fxe4 17.Be3 Qc6 18.Bd4 e3 19.Bxe3 Bxc3 20.bxc3 Nxa4 21.Bh6 Rfe8 22.Bxf7+ Kxf7
23.Rxa4 a6 24.Qb3+ Qd5 25.c4 Qc6 26.Rb4 Rc7 27.Rb6 Qxc4 28.Qxc4+ Rxc4  1/2-1/2

[Event "ch-AUT 2012"]
[Site "Zwettl AUT"]
[Date "2012.07.29"]
[Round "9.24"]
[White "Weilguni,Johann"]
[Black "Schweitzer,W"]
[Result "1-0"]
[WhiteElo "2167"]
[BlackElo "2045"]

1.d4 c6 2.c4 d5 3.Nf3 Nf6 4.Nc3 dxc4 5.a4 Bf5 6.e3 e6 7.Bxc4 Bb4 8.O-O O-O
9.Qb3 Qe7 10.a5 c5 11.Ne5 Nc6 12.a6 Nxe5 13.dxe5 Ng4 14.e4 Bg6 15.Bf4 Rab8
16.f3 Nh6 17.Nb5 bxa6 18.Rxa6 Rb6 19.Rxa7 Qd8 20.Rd1 Qb8 21.Qa4 f5 22.Nd6 fxe4
23.Bxe6+ Kh8 24.fxe4 Rxd6 25.exd6 c4 26.Rc7 Qb6+ 27.Kh1 Bxd6 28.Bxd6 Qxd6
29.Qd7 Qe5 30.Rc8  1-0

[Event "Dutch Open 2012"]
[Site "Dieren NED"]
[Date "2012.07.30"]
[Round "6.4"]
[White "Bakre,T"]
[Black "Pijpers,A"]
[Result "1-0"]
[WhiteElo "2482"]
[BlackElo "2341"]

1.d4 d5 2.Nf3 Nf6 3.c4 c6 4.Nc3 dxc4 5.a4 Bf5 6.e3 e6 7.Bxc4 Bb4 8.O-O O-O
9.Qe2 Bg6 10.Ne5 Nbd7 11.Nxg6 hxg6 12.Rd1 Qa5 13.Bd2 Rad8 14.Be1 e5 15.Qc2 Nb6
16.dxe5 Nxc4 17.exf6 gxf6 18.Ne4 Rxd1 19.Rxd1 Nb6 20.Bxb4 Qxb4 21.Nxf6+ Kg7
22.Ne4 Qxa4 23.Qxa4 Nxa4 24.Rd7 b5 25.b3 Nb6 26.Rxa7 Ra8 27.Rxa8 Nxa8 28.Kf1 f5
29.Nc5 Kf6 30.Ke2 Nb6 31.Kd3 Ke5 32.f4+ Kd5 33.b4 Nc4 34.e4+ fxe4+ 35.Nxe4 Nb2+
36.Ke3 Kc4 37.g4 Kxb4 38.h4 Nc4+ 39.Kf3 Nb6 40.h5 gxh5 41.g5 Nd5 42.g6 Ne7
43.g7 Ka3 44.f5  1-0

[Event "Politiken Cup 2012"]
[Site "Helsingor DEN"]
[Date "2012.07.30"]
[Round "4.37"]
[White "Gandrud,V"]
[Black "Pedersen,JanK"]
[Result "1-0"]
[WhiteElo "2259"]
[BlackElo "2044"]

1.d4 d5 2.c4 c6 3.Nf3 Nf6 4.Nc3 dxc4 5.a4 Bf5 6.e3 e6 7.Bxc4 Nbd7 8.O-O Bb4
9.Qe2 Bxc3 10.bxc3 O-O 11.Nd2 e5 12.e4 Be6 13.Bd3 Qc7 14.f4 exf4 15.Nc4 g5
16.e5 Bxc4 17.Bxc4 Rfe8 18.g3 fxg3 19.Bxg5 gxh2+ 20.Qxh2 Nd5 21.Rxf7 Kxf7
22.Qxh7+ Ke6 23.Rf1 b5 24.Qf7+  1-0

[Event "21st Kavala Open A"]
[Site "Kavala GRE"]
[Date "2012.07.31"]
[Round "8"]
[White "Ashwin,J"]
[Black "Petrosian,TL"]
[Result "1-0"]
[WhiteElo "2476"]
[BlackElo "2661"]

1.d4 d5 2.c4 c6 3.Nf3 Nf6 4.Nc3 dxc4 5.a4 Bf5 6.Ne5 Nbd7 7.Nxc4 Qc7 8.g3 e5
9.dxe5 Nxe5 10.Bf4 Nfd7 11.Bg2 g5 12.Bxe5 Nxe5 13.Qd4 f6 14.O-O-O Be7 15.Ne3 Bg6
16.Be4 Qb6 17.Bxg6+ hxg6 18.Qe4 Qb4 19.Rd4 Qb3 20.h4 Ba3 21.Ncd1 Bc5 22.Rd2 Qb4
23.hxg5 Qxe4 24.Rxh8+ Bf8 25.Rh4 Nd3+ 26.Rxd3 Qe6 27.Nc3 f5 28.Ng4 fxg4 29.Re3 Qxe3+
30.fxe3 Kf7 31.Rxg4 Be7 32.Rd4 Rb8 33.Ne4 Ke6 34.Kc2 a5 35.Nf6 Bd6 36.b3 Ra8
37.Ne4 Be7 38.Nf6 Bd6 39.Ne4 Be7 40.Nf2 Bd6 41.g4 Bc5 42.Re4+ Kd5 43.Kd3 Rh8
44.Rf4 Rd8 45.Rf6 b5 46.Rxg6 Ke5+ 47.Kc2 Bxe3 48.Nd3+ Kd5 49.Rf6 bxa4 50.Rf5+ Kd4
51.bxa4 Rg8 52.Ne5 Ke4 53.Nf3 c5 54.Kc3 Bf4 55.Nd2+ Ke3 56.Nc4+ Ke4 57.Rxc5 Bxg5
58.Nxa5 Bf6+ 59.Kc2 Ke3 60.Rc4 Rd8 61.Nc6 Rd2+ 62.Kb3 Rb2+ 63.Ka3 Rxe2 64.Kb4 Kd3
65.Kc5 Bg7 66.Nb4+ Ke3 67.a5 Kf3 68.a6 Bh6 69.Nc6 Be3+ 70.Kd6 Ra2 71.Nb4 Ra5
72.Kc6 Bf2 73.Kb7 Rb5+ 74.Kc7 Ra5 75.Kc6 Bg1 76.Kd6 Bf2 77.Ke6 Be1 78.g5 Rxg5
79.Nc6 Rg8 80.Kd7 Bf2 81.Ne5+ Ke3 82.Ra4 Ra8 83.Ng4+ Kd3 84.Nxf2+ Kc3 85.Ne4+  1-0

[Event "21st Kavala Open A"]
[Site "Kavala GRE"]
[Date "2012.07.31"]
[Round "8"]
[White "Andrejic,V"]
[Black "Malikentzos,S"]
[Result "0-1"]
[WhiteElo "2182"]
[BlackElo "2324"]

1.d4 d5 2.c4 c6 3.Nf3 Nf6 4.Nc3 dxc4 5.a4 Bf5 6.Ne5 Na6 7.e3 Nb4 8.Bxc4 e6
9.O-O Bd6 10.Qe2 Nc2 11.Ra2 Nb4 12.Ra1 h6 13.e4 Bh7 14.Rd1 O-O 15.Ng4 Nxg4
16.Qxg4 Kh8 17.e5 Be7 18.Be3 Bg5 19.Rac1 Bf5 20.Qe2 Bxe3 21.fxe3 Qg5 22.Rd2 Rad8
23.Rf1 Rd7 24.Rf4 Rfd8 25.Ne4 Bxe4 26.Rxe4 Nd5 27.h4 Qe7 28.Rg4 a6 29.Ba2 c5
30.Bb1 cxd4 31.Rdxd4 f5 32.Rg6 Nxe3 33.Rxd7 Rxd7 34.Qxe3 Rd1+ 35.Kh2 Qxh4+
36.Qh3 Qxh3+ 37.Kxh3 Rxb1 38.Rxe6 Rxb2 39.Kg3 Kg8 40.Re7 Kf8 41.Rc7 g6 42.e6 Rb6
43.Rf7+ Ke8 44.Rf6 Rb4 45.Kf3 Rxa4 46.Rxg6 Rb4 47.Rxh6 a5 48.Rf6 Rb5 49.g4 fxg4+
50.Kxg4 Ke7 51.Rh6 a4 52.Kf4 a3 53.Rh1 a2 54.Ra1 Rb2 55.Ke3 b5 56.Kd3 b4
57.Kc4 b3  0-1

[Event "Dutch Open 2012"]
[Site "Dieren NED"]
[Date "2012.08.01"]
[Round "8.1"]
[White "Ikonnikov,Vy"]
[Black "Bakre,T"]
[Result "0-1"]
[WhiteElo "2537"]
[BlackElo "2482"]

1.d4 d5 2.Nf3 Nf6 3.c4 c6 4.Nc3 dxc4 5.a4 Bf5 6.e3 e6 7.Bxc4 Bb4 8.O-O Nbd7
9.Qe2 O-O 10.e4 Bg6 11.Bd3 Bh5 12.e5 Nd5 13.Nxd5 cxd5 14.Qe3 Be7 15.Bd2 Nb8
16.Ne1 Bg6 17.f4 Nc6 18.g4 f5 19.exf6 Bxf6 20.Bc3 Qe8 21.Rd1 Bd8 22.Rd2 Bb6
23.Re2 Kh8 24.Kg2 Bxd3 25.Nxd3 Qg6 26.h3 Rae8 27.b4 Qf6 28.g5 Qg6 29.b5 Ne7
30.Ne5 Qh5 31.Bb4 Nf5 32.Qd3 Nh4+ 33.Kh1 Rf5 34.Ref2 Bc7 35.Kh2 Bxe5 36.dxe5 h6
37.gxh6 Qxh6 38.Qe3 Rc8 39.Be7 Rc4 40.Bg5 Qh5 41.Rg1 Ng6 42.Rg4 d4 43.Qe4 Rc3
44.Rg3 Nxe5 45.Kg2 Qd1 46.Qe2 Qxe2 47.Rxe2 d3 48.Rxe5 d2 49.Rxc3 d1=Q 50.Rc8+ Kh7
51.Rxf5 exf5 52.Rc7 Qxa4 53.Kg3 Qd4 54.Re7 Kg6 55.Re6+ Kh5 56.Re7 Qd3+ 57.Kf2 Qxb5
58.Re5 Qxe5 59.fxe5 Kxg5 60.Ke3 f4+  0-1

[Event "10th EU U14 2012"]
[Site "Mureck AUT"]
[Date "2012.08.03"]
[Round "3.5"]
[White "Huber,Mart AUT"]
[Black "Hofer,Emilian"]
[Result "1/2-1/2"]
[WhiteElo "2185"]
[BlackElo "1969"]

1.d4 d5 2.c4 c6 3.Nf3 Nf6 4.Nc3 dxc4 5.a4 Bf5 6.e3 e6 7.Bxc4 Bb4 8.O-O O-O
9.Qe2 Bg6 10.Ne5 Nbd7 11.Nxg6 hxg6 12.Rd1 Qa5 13.Qc2 Qh5 14.e4 e5 15.d5 Bc5
16.Rd3 g5 17.Rh3 Qg6 18.Rg3 g4 19.dxc6 bxc6 20.h3 Qh5 21.Be3 Bxe3 22.Rxe3 gxh3
23.Rxh3 Qg5 24.Rd1 Nb6 25.Be2 Rad8 26.Rf3 g6 27.a5 Nc8 28.Rg3 Qh6 29.Bf3 Kg7
30.Rh3 Qg5 31.Ne2 Ne7 32.Rg3 Qh6 33.Rc1 Rh8 34.Rh3 Qg5 35.Rxh8 Rxh8 36.Qc5 Neg8
37.Qxa7 Ng4 38.Bxg4 Qxg4 39.Qe3 Nf6 40.a6 Qh4 41.Ng3 Nh5 42.Nxh5+ Qxh5 43.f3 Qh2+
44.Kf1 Qg3 45.Qg1 Qg5 46.Rc2 Rd8 47.Ke2 Qe7 48.Qe3 Qb4 49.Qc3 Qb5+ 50.Qc4 Qb6
51.Qxc6 Qg1 52.Qc5 Qd1+ 53.Kf2 Rd2+ 54.Rxd2 Qxd2+ 55.Kg3 Qg5+ 56.Kh3 Qh5+
57.Kg3 Qg5+ 58.Kf2 Qd2+ 59.Kg1 Qe1+ 60.Kh2  1/2-1/2

[Event "FSIMA August 2012"]
[Site "Budapest HUN"]
[Date "2012.08.04"]
[Round "1.5"]
[White "Mahmud,S"]
[Black "Teng,Jiarong"]
[Result "1-0"]
[WhiteElo "2289"]
[BlackElo "2122"]

1.d4 d5 2.Nf3 Nf6 3.c4 c6 4.Nc3 dxc4 5.a4 Bf5 6.Ne5 e6 7.f3 Bb4 8.e4 Bxe4
9.fxe4 Nxe4 10.Bd2 Qxd4 11.Nxe4 Qxe4+ 12.Qe2 Bxd2+ 13.Kxd2 Qd5+ 14.Kc2 O-O
15.Nxc4 Na6 16.Qe5 Rac8 17.Kb3 Rfd8 18.Be2 Qc5 19.Qxc5 Nxc5+ 20.Kb4 Rd5 21.Rhd1 Na6+
22.Ka3 Nc5 23.Bf3 Rxd1 24.Rxd1 b5 25.Ne5 Nxa4 26.Nxc6 Kf8 27.Nxa7 Rc2 28.Nc6 g6
29.b3 Nc3 30.Rd8+ Kg7 31.Nd4 Rf2 32.Nc6 Rc2 33.Kb4 Kf6 34.Nd4 Rc1 35.Nxb5 Na2+
36.Ka3 Rc2 37.Nd4 Rf2 38.Ne2 e5 39.Re8 g5 40.Ng3 Nc3 41.b4 Nb1+ 42.Ka4 Rb2
43.Rc8 Ke7 44.Be4 h5 45.Rc2 Rxc2 46.Bxc2 Nc3+ 47.Kb3 Nd5 48.Be4 Nf6 49.Bf5 h4
50.Ne4 Nd5 51.Nxg5 Kf6 52.Be4 Ne3 53.Nf3 Nxg2 54.b5 Nf4 55.b6 Ne6 56.Kb4 Nd8
57.Kc5 Ke6 58.Nxh4 Kd7 59.Bd5 f6 60.Nf5 e4 61.h4 Ke8 62.Kd6 e3 63.Nxe3 Kf8
64.Kd7  1-0